|
|
|
|
| LEADER |
00000nam0a2200000 4500 |
| 001 |
200683 |
| 005 |
20231031184800.0 |
| 010 |
|
|
|a 5705001088
|
| 020 |
|
|
|a RU
|b 91-15645
|
| 035 |
|
|
|a (RuTPU)RU\TPU\book\218764
|
| 090 |
|
|
|a 200683
|
| 100 |
|
|
|a 20110913d1991 km y0rusy5003 ca
|
| 101 |
0 |
|
|a rus
|
| 102 |
|
|
|a RU
|
| 105 |
|
|
|a a z 001zy
|
| 200 |
1 |
|
|a Методы и средства измерения силы
|f Н. С. Чаленко
|
| 210 |
|
|
|a Москва
|c Изд-во стандартов
|d 1991
|
| 215 |
|
|
|a 172 с.
|c ил.
|
| 320 |
|
|
|a Библиогр.: с. 167-170.
|
| 610 |
1 |
|
|a сила
|
| 610 |
1 |
|
|a измерение
|
| 610 |
1 |
|
|a методы
|
| 610 |
1 |
|
|a средства
|
| 610 |
1 |
|
|a метрологические характеристики
|
| 610 |
1 |
|
|a единицы силы
|
| 610 |
1 |
|
|a передача размера
|
| 610 |
1 |
|
|a результаты
|
| 610 |
1 |
|
|a обработка
|
| 675 |
|
|
|a 531.7
|v 3
|
| 700 |
|
1 |
|a Чаленко
|b Н. С.
|g Николай Степанович
|4 070
|
| 801 |
|
0 |
|a RU
|b RuMRKP
|c 19950417
|g psbo
|
| 801 |
|
1 |
|a RU
|b 63413507
|c 20110913
|
| 801 |
|
2 |
|a RU
|b 63413507
|c 20180824
|g RCR
|
| 942 |
|
|
|c BK
|